The evolution of development policy : (Record no. 9089)

MARC details
000 -LEADER
fixed length control field 00926cam a22002894a 4500
001 - CONTROL NUMBER
control field 16150123
003 - CONTROL NUMBER IDENTIFIER
control field OSt
005 - DATE AND TIME OF LATEST TRANSACTION
control field 20240708121821.0
008 - FIXED-LENGTH DATA ELEMENTS--GENERAL INFORMATION
fixed length control field 100324s2010 pk b 001 0 eng
010 ## - LIBRARY OF CONGRESS CONTROL NUMBER
LC control number 2010341610
020 ## - INTERNATIONAL STANDARD BOOK NUMBER
International Standard Book Number 9780195477733
025 ## - OVERSEAS ACQUISITION NUMBER
Overseas acquisition number P-E-2010341610; 20
040 ## - CATALOGING SOURCE
Original cataloging agency MUST LIB
Transcribing agency MUST
Modifying agency MUST
042 ## - AUTHENTICATION CODE
Authentication code lcode
050 00 - LIBRARY OF CONGRESS CALL NUMBER
Classification number HD87
Item number .N384 2010
082 ## - DEWEY DECIMAL CLASSIFICATION NUMBER
Edition number 22
Classification number 338.9
Item number NAW
100 1# - MAIN ENTRY--PERSONAL NAME
Personal name Naqvi, Syed Nawab Haider.
9 (RLIN) 18506
245 14 - TITLE STATEMENT
Title The evolution of development policy :
Remainder of title a reinterpretation /
Statement of responsibility, etc. Syed Nawab Haider Naqvi.
260 ## - PUBLICATION, DISTRIBUTION, ETC. (IMPRINT)
Place of publication, distribution, etc. Karachi :
Name of publisher, distributor, etc. Oxford University Press,
Date of publication, distribution, etc. 2010.
300 ## - PHYSICAL DESCRIPTION
Extent xxvi, 442 p. ;
Dimensions 24 cm.
504 ## - BIBLIOGRAPHY, ETC. NOTE
Bibliography, etc Includes bibliographical references (p. [405]-427) and index.
650 #0 - SUBJECT ADDED ENTRY--TOPICAL TERM
Topical term or geographic name as entry element Economic policy.
9 (RLIN) 7613
650 #0 - SUBJECT ADDED ENTRY--TOPICAL TERM
Topical term or geographic name as entry element Development economics.
9 (RLIN) 7021
906 ## - LOCAL DATA ELEMENT F, LDF (RLIN)
a 7
b cbc
c origode
d 3
e ncip
f 20
g y-gencatlg
942 ## - ADDED ENTRY ELEMENTS (KOHA)
Source of classification or shelving scheme Dewey Decimal Classification
Koha item type Open Shelf
Holdings
Withdrawn status Lost status Source of classification or shelving scheme Damaged status Not for loan Home library Current library Date acquired Source of acquisition Inventory number Total Checkouts Full call number Barcode Date last seen Price effective from Koha item type
    Dewey Decimal Classification     MUST Main Library MUST Main Library 08/07/2024 Donation 11/35604   338.9 NAW 2024-21814 08/07/2024 08/07/2024 Open Shelf